Data architecture : (Record no. 19824)
[ view plain ]
| 000 -LEADER | |
|---|---|
| fixed length control field | 01840cam a22002535a 4500 |
| 001 - CONTROL NUMBER | |
| control field | 16591229 |
| 005 - DATE AND TIME OF LATEST TRANSACTION | |
| control field | 20160828135401.0 |
| 008 - FIXED-LENGTH DATA ELEMENTS--GENERAL INFORMATION | |
| fixed length control field | 101227t2011 maua frb 001 0 eng d |
| 020 ## - INTERNATIONAL STANDARD BOOK NUMBER | |
| International Standard Book Number | 9780123851260 (pbk.) |
| 040 ## - CATALOGING SOURCE | |
| Original cataloging agency | DLC |
| Language of cataloging | eng |
| Transcribing agency | DLC |
| Modifying agency | DLC |
| -- | EG-ScBUE |
| 082 04 - DEWEY DECIMAL CLASSIFICATION NUMBER | |
| Classification number | 005.73 |
| Item number | TUP |
| Edition number | 22 |
| 100 1# - MAIN ENTRY--PERSONAL NAME | |
| Personal name | Tupper, Charles D. |
| 9 (RLIN) | 38413 |
| 245 10 - TITLE STATEMENT | |
| Title | Data architecture : |
| Remainder of title | from zen to reality / |
| Statement of responsibility, etc | Charles D. Tupper. |
| 260 ## - PUBLICATION, DISTRIBUTION, ETC. (IMPRINT) | |
| Place of publication, distribution, etc | Burlington : |
| Name of publisher, distributor, etc | Morgan Kaufmann / Elsevier, |
| Date of publication, distribution, etc | c.2011. |
| 300 ## - PHYSICAL DESCRIPTION | |
| Extent | xxiv, 417 p. : |
| Other physical details | ill. ; |
| Dimensions | 24 cm. |
| 500 ## - GENERAL NOTE | |
| General note | Index : p. 401-417. |
| 504 ## - BIBLIOGRAPHY, ETC. NOTE | |
| Bibliography, etc | Includes bibliographical references. |
| 505 8# - FORMATTED CONTENTS NOTE | |
| Formatted contents note | Machine generated contents note: Preface Foreword Section One: The Principles 1: Understanding Architectural Principles 2: Enterprise Architecture Frameworks and Methodologies 3. Enterprise Level Data Architecture Practices 4: Understanding Development Methodologies Section Two: The Problem 5: Business Evolution 6 Business Organizations 7. Productivity inside the Data Organization 8. Solutions That Cause Problems Section Three: The Process 9. Data Organization Practices 10. Models and Model Repositories 11. Model Constructs and Model Types 12. Time as a Dimension of the Database 13. Concepts of Clustering, Indexing and Structures Section Four: The Product 14. Basic Requirements for Physical Design 15. Physical Database Considerations 16. Interpretation of Models Section Five: Specialized Databases 17. Data Warehouses I 18. Data Warehouses II 19. Dimensional Warehouses from Enterprise Models 20. The Enterprise Data Warehouse 21. Object and Object/Relational Databases: 22. Distributed Databases. |
| 650 #7 - SUBJECT ADDED ENTRY--TOPICAL TERM | |
| Topical term or geographic name as entry element | Data structures (Computer science) |
| Source of heading or term | BUEsh |
| 9 (RLIN) | 12448 |
| 651 ## - SUBJECT ADDED ENTRY--GEOGRAPHIC NAME | |
| Source of heading or term | BUEsh |
| 653 ## - INDEX TERM--UNCONTROLLED | |
| Resource For college | Informatics and Computer Science |
| Arrived date list | June2015 |
| -- | September2015 |
| 650 #7 - SUBJECT ADDED ENTRY--TOPICAL TERM | |
| 9 (RLIN) | 29417 |
| Topical term or geographic name as entry element | Software architecture |
| Source of heading or term | BUEsh |
| 942 ## - ADDED ENTRY ELEMENTS (KOHA) | |
| Source of classification or shelving scheme | Dewey Decimal Classification |
| Call number prefix | 005.73 TUP |
| Withdrawn status | Lost status | Source of classification or shelving scheme | Damaged status | Not for loan | Koha collection | Home library | Current library | Shelving location | Date acquired | Source of acquisition | Cost, normal purchase price | Serial Enumeration / chronology | Total Checkouts | Full call number | Barcode | Date last seen | Cost, replacement price | Koha item type |
|---|---|---|---|---|---|---|---|---|---|---|---|---|---|---|---|---|---|---|
| Dewey Decimal Classification | Alahram | Central Library | Central Library | Lower Floor | 22/06/2015 | Purchase | 299.00 | 325 | 005.73 TUP | 000038557 | 15/07/2025 | 373.75 | Book - Borrowing |